000 00509nam a2200205 a 4500
001 4734676
005 20180109042218.0
008 881230s1985 tnu 001 0 eng
010 _a 84052792
020 _a0933388217 (pbk.)
040 _aDLC
_cDLC
_dDLC
041 _aeng
080 _a616.85
082 0 0 _a616.85 FRA
_219
100 1 _a9
101 _aPAT
245 1 0 _aSelf-therapy for the stutterer /
_cMalcolm Fraser.
906 _a7
_bcbc
_corignew
_d3
_eocip
_f19
_gy-gencatlg
942 _2ddc
_cBK
999 _c39869
_d39869